000
00293nam a2200121Ia 4500
008
190216s9999||||xx |||||||||||||| ||und||
100
_a
Thunjathu Ezhuthachan
245
0
_a
Bheeshmaparvam
260
_b
"House Of Knowledge, Trichur"
_c
1967
300
_a
86p
650
_a
Kavitha
942
_c
BK
999
_c
25747
_d
25747